000 00684nam a22001937a 4500
999 _c170216
_d170216
005 20191212115126.0
010 _a842531
020 _c50.00
035 _a842531
037 _bBPPD/Pub.
082 _a378
100 _aحسام الدین فاروقی
245 _aسر سیید ہال ریویو /
_cایڑیڑٹر- ملک چالد حین : حسام الدین فاروقی
246 _aSir Sayyed Hal Review /
_bby Hisamuddin Farooqi and Malik Khalideen
260 _aAligarh Muslim University
_bYaadgar Sad Sala Taqribaat Yome Taasees
_c1975 ء
270 _aMadarsat-Ul-Uloom
_bAligarh
300 _a297p.
_c20cm(Hb)
942 _2ddc
_cUR
_h378
_mم ل ک